| 000 | 00426nam a22001457a 4500 | ||
|---|---|---|---|
| 082 |
_a516.3 _bMID _cL-2,P-2 |
||
| 100 |
_aMiddlemiss, Ross R. _939395 |
||
| 245 |
_aAnalytic geometry _cMiddlemiss, Ross R. |
||
| 260 |
_aNew York, London _bMcgraw hill book company _c1945 |
||
| 300 | _avii, 306 p,: | ||
| 526 |
_a0 _b0 _c0 _d516_300000000000000_MID |
||
| 650 |
_aMCE _9379 |
||
| 700 |
_aMiddlemiss, Ross R. _939395 |
||
| 942 |
_2ddc _cBK |
||
| 999 |
_c543893 _d543893 |
||